01265nam a2200361 a 4500001000700000003000800007005001700015006001900032007001500051008004100066020001800107035002100125040003000146050002100176080001100197100003600208245009100244250001200335260003000347300001100377490003100388588008300419590016200502650001900664650002100683650003000704650001600734650002600750655002700776797001800803856006300821999001900884120668FINmELB20241217175257.0m o d | cr cn|||||||||130510s2006 sp s 000 0 spa d z9788431300005 a(OCoLC)847483891 aFINmELBcFINmELBdFINmELB 4aP90bG216 2006eb a316.771 aGarcía-Noblejas, Juan José.10aMedios de conspiración socialh[recurso electronico]cJuan José García-Noblejas. a3a. ed. aPamplona :bEUNSA,c2006. a165 p.0 aAstrolabio. Comunicación aDescripción basada en metadatos suministrados por el editor y otras fuentes. aRecurso electrónico. Santa Fe, Arg.: elibro, 2020. Disponible vía World Wide Web. El acceso puede estar limitado para las bibliotecas afiliadas a elibro. 4aInformación. 4aManejo de datos. 4aMedios de comunicación. 0aMass media. 0aPersuasion (Rhetoric) 4aLibros electrónicos.2 aelibro, Corp.40uhttps://elibro.net/ereader/politecnicointernacional/101430 c120668d120668